000 00454nam a22001697a 4500
005 20230118110504.0
008 190604b xxu||||| |||| 00| 0 eng d
020 _a978-93-87-686-59-5
041 _aeng
100 _aPARTI, MRS. PRITI NISHAD
_96961
245 _aA PRACTICAL BOOK OF PHARMACEUTICAL ANALYSIS (SEM-I)
250 _a1st ed. 2018
260 _aPUNE
_bNIRALI PRAKASHAN
300 _a78p,
650 _aPHARMACY
_xD.PHARMA
_97090
942 _cBK
999 _c5949
_d5947